000 00292nam a22001337a 4500
008 171102b xxu||||| |||| 00| 0 eng d
020 _a09044811
041 _aeng
080 _211 ED
_a339.138
100 _a60
101 _aMAR
245 _aBASIC MARKETING
_cPERREAULT.M
942 _2udc
_cBK
999 _c37404
_d37404